000 02340nam0a2200385 4500
001 RU\NLR\BIBL_A\012436209
005 20210205163536.0
010 _a978-5-7996-3009-6
_930
021 _aRU
_bКН-П-20-051696
_9КН-П-20-4256
035 _a(NLR Aleph) 012436209
035 _a(RuMoRGB)010431155
090 _a11901747
_c11901747
100 _a20210120d2020 u y0rusy50 ca
101 0 _arus
102 _aRU
105 _ay z |000z
181 0 _ai
_baxxe
182 0 _an
200 1 _aМедико-педагогические аспекты спортивного травматизма
_eучебное пособие
_eдля студентов вуза, обучающихся по направлениям подготовки 49.03.01 и 49.04.01 - Физическая культура
_fА. В. Шихов, Г. И. Семёнова
_gМинистерство науки и высшего образования Российской Федерации, Уральский федеральный университет имени первого Президента России Б. Н. Ельцина, [Институт физической культуры, спорта и молодежной политики]
203 _aТекст
_bвизуальный
_cнепосредственный
210 _aЕкатеринбург
_cИзд-во Уральского университета
_d2020
215 _a127 с.
_d21
300 _aНа 4-й с. обл. авт.: к.м.н., доц. А. В. Шихов, к.п.н., доц., проф. Г. И. Семёнова
320 _aБиблиогр.: с. 122-126 (40 назв.)
606 1 _aСпортивный травматизм
_jУчебные издания для высших учебных заведений
_2nlr_sh1
_2nlr_sh2
_3RU\NLR\AUTH\6678997
610 0 _aспортивный травматизм
610 0 _aтравматизм спортивный
686 1 _aЧ510.917я73
700 1 _aШихов
_bА. В.
_gАлексей Владимирович
701 1 _aСеменова
_bГ. И.
_cканд. пед. наук, физ. воспитание
_f1954-
_gГалина Ивановна
_3RU\NLR\AUTH\7771469
942 _cBOOK
980 _aNBR
980 _aNB